000 00594nam a2200217Ia 4500
001 9325
005 20240113234200.0
007 ta
008 131107s 194 ii a g b000 u 465 u
040 _aCotton College Assam
041 _aeng
082 _a809
_bSh 64 En
100 _aShipley, J.T. .
245 0 _aEncyclopadia of Literature Vol. 2 /
_cJ.T. Shipley.
_hTextual Documents
260 _aNew York :
_bPhilosophical Library ,
_cC 1946.
300 _a1188p. :
_bill. ;
_c23cm. .
653 _aEnglish-Literature
942 _2ddc
_cBK
999 _c9312
_d9312